000 00908nam a2200229 a 4500
008 071031s2001 ||||||||||||||||| || u
020 _a082134840X
050 _aIBRD(06)LR/2001/1
100 _aBoex, Jameson
245 1 0 _aRussia's transition to a new Federalism
_cJorge Martinez-Vazquez and Jameson Boex
260 _aWashington, D. C.:
_bWorld Bank
_c2001
300 _axiii, 99p.: ill.
350 _a0.00
490 _aWBI learning resources
650 _aFEDERAL GOVERNMENT--RUSSIA (FEDERATION)
650 _aINTERGOVERNMENTAL FISCAL RELATIONS--RUSSIA (FEDERATION)
650 _aRUSSIA
650 _aRUSSIA(FEDERATION)--APPROPRIATIONS AND EXPENDITURES--STATISTICS
700 _aMartinez-Vazquez, Jorge
710 _aWorld Bank
995 _D0.00
_FCBU-MAIN LIBRARY (Kitwe)
_H1
_I0.00
_M1
_UAVAILABLE
_WOct 31, 2007
_ZInternational Publications
999 _c56873
_d56873